Kraj które...? 2 - Statystyki

Ogólne statystyki
  • Ten quiz został rozwiązany 421 razy
  • Średni wynik to 8 z 15
Statystyki odpowiedzi
Pytanie Kraj - Państwo % Poprawnych
Państwo które ma stolicę Kijów. Ukraina
99%
Kraj który dołaczył do ZSRR. Teraz ma stolicę Mińsk. Białoruś
90%
Kraj który ma niebieski krzyż i leży w skandynawii Finlandia
81%
Kraj który płonie w 2020 roku. Australia
79%
Państwo które nie ma dostępu do morza ale graniczy tylko z Francją i Hiszpanią. Andora
74%
Kraj który wytworzył imperium osmańskie. Turcja
73%
Państwo które ma stolicę Sri Dżajawardanapura Kotte Sri Lanka
57%
Kraj który ma wyspę Svalbard. Norwegia
54%
Państwo które ma zakaz mieszkania w USA. Meksyk
44%
Kraj który był kiedyś największy na świecie Mongolia
42%
Kraj który ma stolicę Trypolis. Libia
37%
Wyspa które ma najszybszą strefe czasową. Kiribati
12%
Państwo które ma najszybszy internet. Singapur
10%
Państwo które ma nadłuszą nazwe stolicy. Tajlandia
7%
Państwo które ma święto kozy 1 Stycznia. Kazachstan
2%
Nie znaleziono quizów pasujących do podanych kryteriów
Rozkład punktacji
Procent ludzi z każdym wynikiem
Percentyl według liczby udzielonych odpowiedzi
Twoja historia wyników
Nie rozwiązałeś tego quizu